[Event "Liepajas Rokade"]
[Site "Liepaja"]
[Date "2004.08.01"]
[Round "13"]
[White "Kengis, Edvins"]
[Black "Sveshnikov, Evgeny"]
[Result "1-0"]
[WhiteElo "2563"]
[BlackElo "2508"]
[PlyCount "68"]
[EventDate "2004.07.30"]
[EventType "tourn (rapid)"]
[EventRounds "13"]
[EventCountry "LAT"]
[EventCategory "11"]
[SourceTitle "CBM 103"]
[Source "ChessBase"]
[SourceDate "2004.11.11"]
[SourceVersion "1"]
[SourceVersionDate "2004.11.11"]
[SourceQuality "1"]

1. Nf3 d5 2. g3 c6 3. Bg2 Nf6 4. O-O Bf5 5. d3 e6 6. Nfd2 Bg6 7. e4 h5 8. e5 ({RR} 8. f4 Nbd7 9. Qe2 Qb6+ 10. Kh1 O-O-O 11. Nc3 Qa6 12. e5 Ng4 13. Nf3 Be7 14. h4 Qb6 15. Bd2 Nb8 16. b4 Kd7 17. Rab1 Rc8 18. b5 c5 19. Nd1 c4 20. Ne3 cxd3 21. cxd3 Nxe3 22. Bxe3 Bc5 {Ibarra Jerez,J (2198)-Sos Andreu,E (2356) Guardamar del Segura ESP 2023 1-0 (38)}) 8... Nfd7 9. Nf3 h4 $146 ({RR} 9... Be7 10. Nc3 h4 11. Ne2 Bh5 12. d4 g5 13. Be3 Nf8 14. c4 Nbd7 15. Qc1 Rg8 16. Re1 dxc4 17. Nd2 Nb6 18. Nxc4 Nxc4 19. Qxc4 Nd7 20. Nc3 Nb6 21. Qb3 Bg6 22. Rad1 Qc7 23. Rc1 Qd7 24. Red1 {Tocchioni,D (2319)-Sveshnikov,E (2536) Cesenatico 2010 0-1 (43)}) 10. Nxh4 Nxe5 11. Nxg6 Nxg6 12. Nd2 Be7 13. Nf3 Nd7 14. c4 Bf6 15. cxd5 cxd5 16. d4 Qb6 17. b3 O-O 18. Be3 Rfd8 19. h4 Rac8 20. h5 Ngf8 21. g4 Be7 22. g5 Rc3 23. Nh4 Rxe3 24. fxe3 Bxg5 25. Qe1 Nf6 26. Nf3 Bh6 27. Ne5 N8d7 28. Nxd7 Rxd7 29. Qe2 Rc7 30. Rac1 Rc6 31. Rxc6 bxc6 32. Bf3 Qc7 33. Kg2 e5 34. dxe5 Qxe5 1-0

[Event "Montreal-B 5th"]
[Site "Montreal"]
[Date "2004.08.08"]
[Round "5"]
[White "Stripunsky, Alexander"]
[Black "Mikhalevski, Victor"]
[Result "1-0"]
[WhiteElo "2553"]
[BlackElo "2551"]
[PlyCount "71"]
[EventDate "2004.08.04"]
[EventType "tourn"]
[EventRounds "11"]
[EventCountry "CAN"]
[EventCategory "8"]
[SourceTitle "CBM 101 Extra"]
[Source "ChessBase"]
[SourceDate "2004.09.01"]
[SourceVersion "2"]
[SourceVersionDate "2004.09.01"]
[SourceQuality "1"]

1. Nf3 Nf6 2. b3 d5 3. Bb2 c5 4. e3 Nc6 5. Bb5 Bd7 6. O-O a6 7. Be2 Bg4 8. c4 e6 9. cxd5 Nxd5 ({RR} 9... exd5 10. h3 Bh5 11. d4 Be7 12. dxc5 Bxc5 13. Nc3 O-O 14. Rc1 Be7 15. Nh4 Bxe2 16. Qxe2 Re8 17. Rfd1 Qa5 18. Nf5 Bf8 19. Nxd5 Nxd5 20. Nh6+ Kh8 21. Nxf7+ Kg8 22. Qc4 Nce7 23. Nd6 Kh8 24. Qe4 {Wei Yi (2722)-Fiorito,J (2348) chess.com INT 2023 1-0}) 10. h3 $146 ({RR} 10. Nc3 Be7 11. Na4 O-O 12. Rc1 Qa5 13. d4 cxd4 14. Nxd4 Bxe2 15. Qxe2 {½-½ (15) Dizdarevic,E (2495)-Cebalo,M (2495) Pula 1996}) 10... Bh5 11. Nc3 Nxc3 12. Bxc3 f6 13. d4 cxd4 14. Nxd4 Bxe2 15. Qxe2 Nxd4 16. Bxd4 Rc8 17. Qh5+ g6 18. Qf3 e5 19. Bb2 Rc6 20. Rac1 Qd7 21. Qe2 Be7 22. Rxc6 Qxc6 23. Rc1 Qd7 24. Qc4 Rf8 25. f4 exf4 26. exf4 Rf7 27. Bd4 Bd6 28. Qd5 Bxf4 29. Qe4+ Be5 30. Bxe5 Qe6 31. Qa4+ b5 32. Qe4 fxe5 33. Qa8+ Ke7 34. Rc7+ Kf6 35. Rc6 Re7 36. Qxa6 1-0

[Event "Mainz Ordix op"]
[Site "Mainz"]
[Date "2004.08.08"]
[Round "9"]
[White "Vaganian, Rafael A"]
[Black "Rublevsky, Sergei"]
[Result "1-0"]
[WhiteElo "2642"]
[BlackElo "2686"]
[PlyCount "107"]
[EventDate "2004.08.05"]
[EventType "swiss (rapid)"]
[EventRounds "11"]
[EventCountry "GER"]
[SourceTitle "CBM 101 Extra"]
[Source "ChessBase"]
[SourceDate "2004.09.01"]
[SourceVersion "2"]
[SourceVersionDate "2004.09.01"]
[SourceQuality "1"]

1. Nf3 d5 2. g3 Bg4 3. Bg2 Nd7 4. O-O Ngf6 5. d3 e5 6. Nbd2 Be7 7. e4 dxe4 8. dxe4 O-O 9. h3 Bh5 10. Qe1 c6 11. a4 Re8 $146 ({RR} 11... Qc7 12. Nc4 Rfe8 13. b3 Bc5 14. Bb2 Rad8 15. a5 Bxf3 16. Bxf3 Nf8 17. b4 Bd6 18. Bg2 Ne6 19. Nxd6 Qxd6 20. Rd1 Qc7 21. Qe3 c5 22. c3 b6 23. axb6 Qxb6 24. Ba3 c4 25. Qxb6 axb6 26. Rfe1 {Valles Moreno,I (2412)-Droin,A (2289) Europe Echecs INT 2020 1-0 (38)}) ({RR} 11... Qc7 12. Nc4 Rfe8 13. b3 Bc5 14. Bb2 Rad8 15. a5 Bxf3 16. Bxf3 Nf8 17. b4 Bd6 18. Bg2 Ne6 19. Nxd6 Qxd6 20. Rd1 Qc7 21. Qe3 c5 22. c3 b6 23. axb6 Qxb6 24. Ba3 c4 25. Qxb6 axb6 26. Rfe1 {Valles Moreno,I (2412)-Droin,A (2289) Europe Echecs INT 2020 1-0 (38)}) 12. Nc4 Bf8 13. Bg5 Qc7 14. a5 Bxf3 15. Bxf3 b5 16. axb6 axb6 17. Qc3 Be7 18. Bxf6 Bxf6 19. Rxa8 Rxa8 20. Rd1 Nf8 21. Ne3 Ne6 22. Ng4 Nd4 23. Nxf6+ gxf6 24. Bg4 Rd8 25. Ra1 Kg7 26. Kg2 c5 27. Bd1 Qc6 28. Qe3 c4 29. c3 Ne6 30. Bg4 Nc5 31. Bf5 Ra8 32. Rb1 Nd3 33. Qf3 Qc5 34. b4 Qf8 35. Qe2 Ra3 36. h4 h6 37. Qd2 Qa8 38. Rf1 b5 39. Qe2 Ra2 40. Qg4+ Kf8 41. Bd7 Qa7 42. Qf5 Qb6 43. Bc8 h5 44. Bd7 Ke7 45. Bc8 Qc7 46. g4 Nf4+ 47. Kg3 Qd6 48. g5 Qd3+ 49. Kh2 Kd8 50. gxf6 Rd2 51. Ba6 Ne6 52. Qxe5 Qxf1 53. Qb8+ Kd7 54. Bxb5# 1-0

[Event "RUS Cup Qualifier 1"]
[Site "chessassistantclub.com INT"]
[Date "2004.09.07"]
[Round "?"]
[White "Galkin, Alexander"]
[Black "Kharlov, Andrei"]
[Result "1-0"]
[WhiteElo "2607"]
[BlackElo "2591"]
[PlyCount "75"]
[EventDate "2004.09.07"]
[EventType "swiss (blitz)"]
[EventRounds "13"]
[EventCountry "RUS"]
[SourceTitle "EXT 2006"]
[Source "ChessBase"]
[SourceDate "2005.11.24"]
[SourceVersion "1"]
[SourceVersionDate "2005.11.24"]
[SourceQuality "1"]

1. Nf3 d5 2. g3 Bg4 3. Bg2 Nd7 4. O-O c6 5. b3 e5 6. d3 Bd6 7. Bb2 ({RR} 7. c4 Ngf6 8. cxd5 cxd5 9. Bb2 O-O 10. Nc3 d4 11. Nb5 Bc5 12. h3 Be6 13. Na3 Bd5 14. Nc4 Qe7 15. Rc1 Rac8 16. a4 b6 17. Nh4 Bxg2 18. Kxg2 Nd5 19. Nf5 Qg5 20. e4 Nf4+ 21. Kh2 Ne6 {Vignesh,B (2209)-Sidhant,M (2379) Nashik IND 2024 0-1 (77)}) 7... Ne7 ({RR} 7... Ngf6 8. Nbd2 O-O 9. h3 Bh5 10. Nh4 Re8 11. Nf5 Bf8 12. Qe1 a5 13. a3 Bg6 14. Nh4 Qb6 15. Nxg6 hxg6 16. e3 Rad8 17. Qe2 Bc5 18. c3 Bd6 19. b4 c5 20. c4 cxb4 21. axb4 Bxb4 22. cxd5 {Lobron,E (2570)-Kramnik,V (2710) Munich 1994 ½-½ (42)}) 8. Nbd2 O-O 9. e3 $146 ({RR} 9. c4 Rc8 10. Rc1 f6 11. h3 Be6 12. Qc2 Qe8 13. e4 Qh5 14. g4 Qf7 15. d4 dxc4 16. Nxc4 Bxc4 17. Qxc4 Qxc4 18. Rxc4 Ng6 19. dxe5 Ndxe5 20. Nxe5 Bxe5 21. Bc1 Bf4 22. Bb2 Rfd8 23. Rc2 Rd7 {Kondratski,V-Kharchenko,D (2168) Bila Tserkva 2004 0-1 (77)}) 9... h6 10. c4 a5 11. Qc2 a4 12. Bc3 b5 13. b4 Re8 14. a3 f5 15. Bb2 Bh5 16. Rac1 Bf7 17. Qb1 Ra6 18. Qa1 Ng6 19. Rc2 Nf6 20. cxb5 cxb5 21. Rfc1 Qb8 22. Rc6 Rxc6 23. Rxc6 Nd7 24. Qc1 Ne7 25. Rc2 Rc8 26. Nb1 Rxc2 27. Qxc2 Nc8 28. Bh3 g6 29. e4 Ne7 30. exf5 Nxf5 31. Qc6 Nf8 32. Bxf5 gxf5 33. Nh4 f4 34. Nf5 Bc7 35. Nxh6+ Kg7 36. Nf5+ Kg8 37. Qh6 Ne6 38. Ne7# 1-0

[Event "Olympiad-36"]
[Site "Mallorca"]
[Date "2004.10.28"]
[Round "13"]
[White "Mamedyarov, Shakhriyar"]
[Black "Pelletier, Yannick"]
[Result "1-0"]
[WhiteElo "2660"]
[BlackElo "2589"]
[PlyCount "55"]
[EventDate "2004.10.15"]
[EventType "team-swiss"]
[EventRounds "14"]
[EventCountry "ESP"]
[SourceTitle "CBM 104"]
[Source "ChessBase"]
[SourceDate "2005.01.27"]
[SourceVersion "1"]
[SourceVersionDate "2005.01.27"]
[SourceQuality "1"]
[WhiteTeam "Azerbaijan"]
[BlackTeam "Switzerland"]
[WhiteTeamCountry "AZE"]
[BlackTeamCountry "SUI"]

1. e4 e6 2. d3 d5 3. Nd2 c5 4. Ngf3 Nc6 5. g3 g6 6. Bg2 Bg7 7. O-O Nge7 8. h4 h6 9. Re1 O-O 10. e5 Qc7 11. Nf1 ({RR} 11. Qe2 b5 12. Nf1 b4 13. Bf4 a5 14. N1h2 Nf5 15. c3 a4 16. a3 bxc3 17. bxc3 Rb8 18. Ng4 Rb3 19. Qd2 Kh7 20. Nf6+ Bxf6 21. exf6 Qd8 22. g4 Nd6 23. Bxh6 Rh8 24. Bg7 {1-0 (24) Amin,B (2690)-Edouard,R (2645) Europe Echecs INT 2020}) ({RR} 11. Qe2 Nf5 12. c3 h5 13. Nf1 b5 14. N1h2 b4 15. g4 hxg4 16. Nxg4 bxc3 17. bxc3 Qa5 18. Qc2 Ba6 19. Bg5 Qb5 20. Bf1 Rfb8 21. Rab1 Qa5 22. Nf6+ Kh8 23. h5 Rxb1 24. Rxb1 gxh5 25. Qe2 Qxc3 {Erigaisi,A (2778)-Drozdowski,K (2448) chess.com INT 2024 1-0 (44)}) 11... f5 $146 ({RR} 11... Nxe5 12. Nxe5 Bxe5 13. Bxh6 Re8 14. c3 Nf5 15. Bd2 Bd7 16. Nh2 Bg7 17. h5 Bc6 18. Qg4 Ne7 19. hxg6 Nxg6 20. Qh5 e5 21. Ng4 Qd6 22. Bh6 Rac8 23. Ne3 Bxh6 24. Nf5 Qf6 25. Nxh6+ Kf8 26. Ng4 {Perez Mitjans,O (2496)-Torrecillas Martinez,A (2407) Catalunya 2013 1-0 (42)}) ({RR} 11... Kh7 12. Bf4 Qb6 13. Qc1 Nf5 14. N1h2 Ncd4 15. Nd2 f6 16. Ng4 fxe5 17. Bxe5 Bxe5 18. Nxe5 c4 19. c3 Nc6 20. d4 Nxe5 21. Rxe5 Bd7 22. Qc2 Nd6 23. h5 Rf6 24. hxg6+ Rxg6 25. Bxd5 Nf7 26. Nxc4 {Nguyen,H (2333)-Phan,M (2314) Hanoi 2020 1-0}) 12. exf6 Rxf6 13. Be3 b6 14. c4 Bd7 15. N1h2 Kh7 16. d4 dxc4 17. dxc5 Nd5 18. cxb6 axb6 19. Bd2 Rf5 20. Ng4 Raf8 21. Re4 b5 22. a4 e5 23. Bxh6 Bxh6 24. Nxh6 Rxf3 25. Bxf3 Nf6 26. axb5 Nxe4 27. Bxe4 Nd4 28. Ra6 1-0

[Event "Olympiad-36"]
[Site "Mallorca"]
[Date "2004.10.28"]
[Round "13"]
[White "Rahman, Ziaur"]
[Black "Stefansson, Hannes"]
[Result "1-0"]
[WhiteElo "2535"]
[BlackElo "2549"]
[PlyCount "181"]
[EventDate "2004.10.15"]
[EventType "team-swiss"]
[EventRounds "14"]
[EventCountry "ESP"]
[SourceTitle "CBM 104"]
[Source "ChessBase"]
[SourceDate "2005.01.27"]
[SourceVersion "1"]
[SourceVersionDate "2005.01.27"]
[SourceQuality "1"]
[WhiteTeam "Bangladesh"]
[BlackTeam "Iceland"]
[WhiteTeamCountry "BAN"]
[BlackTeamCountry "ISL"]

1. Nf3 Nf6 2. g3 d5 3. Bg2 c6 4. O-O Bg4 5. b3 Nbd7 6. Bb2 e6 7. d3 Bd6 8. Nbd2 O-O 9. h3 Bh5 10. e4 e5 11. Qe1 Re8 12. Nh4 Nc5 13. Nf5 Bc7 14. f4 exf4 15. gxf4 Bg6 16. Ng3 $146 ({RR} 16. Nxg7 Kxg7 17. e5 Nh5 18. d4 Ne6 19. f5 Nef4 20. f6+ Kh8 21. Qh4 Nxg2 22. Kxg2 Rg8 23. Kf2 Qd7 24. Kf3 Rae8 25. b4 c5 26. bxc5 Qa4 {0-1 (26) Grimm,S (2342)-Wacker,P (2293) Germany 2004}) 16... dxe4 17. Ndxe4 Nfxe4 18. dxe4 Qh4 19. Qc3 Ne6 20. Kh1 f6 21. e5 Bb6 22. Rad1 fxe5 23. f5 Bd4 24. Rxd4 exd4 25. Qd3 Rad8 26. fxg6 Nf4 27. Qf3 Nxg2 28. Kxg2 hxg6 29. Qf7+ Kh7 30. Rf4 Qg5 31. h4 Qe7 32. Qxe7 Rxe7 33. Bxd4 b6 34. Ne4 Kg8 35. Bc3 Rd5 36. Rg4 Rf5 37. Bd4 Ref7 38. Nd2 Rf4 39. Rxf4 Rxf4 40. Bf2 c5 41. a4 g5 42. hxg5 Kh7 43. Be3 Rf8 44. a5 Rd8 45. Nc4 b5 46. Ne5 Rd5 47. Bf4 a6 48. Kf3 Rd1 49. Ke2 Rd6 50. Nd3 Rd5 51. Be3 c4 52. Nb4 Rd6 53. bxc4 bxc4 54. Bf4 Re6+ 55. Kd2 Kg6 56. Kc3 Kf5 57. Bd2 Re5 58. Nc6 Rc5 59. Nd4+ Ke5 60. Bc1 g6 61. Ba3 Rd5 62. Be7 Rd7 63. Nc6+ Ke4 64. Bf6 Rc7 65. Ne7 Rc5 66. Nxg6 Kf5 67. Nh4+ Ke6 68. Nf3 Rxa5 69. Kxc4 Kf5 70. Nd4+ Kg6 71. Nb3 Ra2 72. Nd4 Rb2 73. Kc3 Rb7 74. Nb3 Rb8 75. Kb2 Rc8 76. c3 Kf5 77. Nd4+ Kg6 78. Kb3 Rb8+ 79. Ka4 Rc8 80. Nf3 Rc5 81. Kb4 Rb5+ 82. Kc4 Rb8 83. Ne5+ Kf5 84. Nc6 Rb6 85. Kc5 Rb2 86. c4 Rb1 87. Ne7+ Ke6 88. Nd5 a5 89. g6 a4 90. g7 Rb8 91. Ne7 1-0

[Event "RUS Cup Qualifier 3"]
[Site "chessassistantclub.com INT"]
[Date "2004.10.21"]
[Round "?"]
[White "Vaulin, Alexander"]
[Black "Hasangatin, Ramil"]
[Result "1-0"]
[WhiteElo "2516"]
[BlackElo "2501"]
[PlyCount "85"]
[EventDate "2004.10.21"]
[EventType "swiss (blitz)"]
[EventRounds "13"]
[EventCountry "RUS"]
[SourceTitle "EXT 2006"]
[Source "ChessBase"]
[SourceDate "2005.11.24"]
[SourceVersion "1"]
[SourceVersionDate "2005.11.24"]
[SourceQuality "1"]

1. Nf3 c5 2. g3 Nc6 3. Bg2 e5 4. c4 d6 ({RR} 4... f5 5. Nc3 Nf6 6. d3 d6 7. Rb1 Be7 8. a3 a5 9. Bg5 Be6 10. Bxf6 Bxf6 11. Nd5 Bxd5 12. cxd5 Ne7 13. Nd2 O-O 14. O-O h5 15. e4 g6 16. exf5 Nxf5 17. Be4 Bg5 18. Nf3 Bh6 19. Kh1 {Ponkratov,P (2641)-Niemann,H (2642) Chess.com INT 2022 1-0 (44)}) ({RR} 4... g5 5. d3 g4 6. Nfd2 h5 7. Nc3 d6 8. Nd5 Nce7 9. Nb1 Nxd5 10. Bxd5 h4 11. Nc3 Qf6 12. Ne4 Qg6 13. Nc3 Ne7 14. Bg2 h3 15. Be4 f5 16. Bd5 Nxd5 17. Nxd5 Qf7 18. Bg5 Bh6 19. Be7 {Helmer,J (2220)-Vlassov,N (2291) chess.com INT 2025 0-1 (33)}) 5. Nc3 Be6 $146 ({RR} 5... Nge7 6. d3 g6 7. Bg5 Bg7 8. Bxe7 Nxe7 9. O-O O-O 10. Rb1 a5 11. a3 d5 12. cxd5 Nxd5 13. Nxd5 Qxd5 14. Nd2 Qe6 15. Qc2 Qe7 16. Ne4 Bg4 17. h3 Bf5 18. Qxc5 Qd7 19. Qd6 Bxh3 20. Qxd7 {Seeman,T (2399)-Volodin,A (2491) Tallinn 2012 ½-½ (56)}) ({RR} 5... f5 6. d3 g6 7. Bg5 Nf6 8. Bxf6 Qxf6 9. Nd5 Qd8 10. O-O Bg7 11. Nd2 O-O 12. Rb1 a5 13. a3 a4 14. Nc3 f4 15. Nxa4 Nd4 16. Nc3 Bg4 17. Nf3 fxg3 18. hxg3 Bxf3 19. Bxf3 Rxf3 20. exf3 {Sjugirov,S (2695)-Willy,S (1946) chess.com INT 2024 1-0}) 6. d3 Be7 7. a3 Qd7 8. h3 Nf6 9. Ng5 Bf5 10. g4 Bg6 11. Rb1 h6 12. Nf3 O-O 13. b4 Rad8 14. O-O b6 15. Ne1 Rfe8 16. Nc2 Bf8 17. Ne3 e4 18. Ned5 exd3 19. Nxf6+ gxf6 20. exd3 Ne5 21. f4 Nc6 22. f5 Bh7 23. Nd5 Bg7 24. Bxh6 Ne7 25. Bf4 Nxd5 26. Bxd5 Re5 27. Bxe5 fxe5 28. Qf3 Bh6 29. b5 Bf4 30. Kg2 Qe7 31. Rbe1 Qg5 32. Re4 Bxf5 33. Rxf4 exf4 34. Qxf4 Qxf4 35. Rxf4 Bxd3 36. Bxf7+ Kg7 37. Bd5 Bg6 38. h4 Rh8 39. h5 Be8 40. Kg3 Rg8 41. Kh4 Rh8 42. Re4 Kf8 43. Re6 1-0

[Event "RUS Cup Qualifier 3"]
[Site "chessassistantclub.com INT"]
[Date "2004.10.21"]
[Round "?"]
[White "Volkov, Sergey"]
[Black "Timofeev, Artyom"]
[Result "1-0"]
[WhiteElo "2620"]
[BlackElo "2575"]
[PlyCount "125"]
[EventDate "2004.10.21"]
[EventType "swiss (blitz)"]
[EventRounds "13"]
[EventCountry "RUS"]
[SourceTitle "EXT 2006"]
[Source "ChessBase"]
[SourceDate "2005.11.24"]
[SourceVersion "1"]
[SourceVersionDate "2005.11.24"]
[SourceQuality "1"]

1. g3 d5 2. Bg2 e5 3. d3 Nf6 4. Nf3 Nc6 5. c3 Be7 6. O-O O-O 7. Qc2 h6 8. Nbd2 Be6 9. b4 a6 10. a3 Qd7 11. Bb2 $146 ({RR} 11. Re1 Rad8 12. Bb2 Bh3 13. c4 dxc4 14. Nxc4 Bxg2 15. Kxg2 Nd4 16. Bxd4 exd4 17. Na5 c5 18. bxc5 Rc8 19. Nb3 g5 20. Qc4 Rfd8 21. Rec1 b5 22. Qb4 Nd5 23. Qd2 Bf6 24. h3 Nc7 25. c6 Qd5 {Makinen,I-Hurme,H (2245) Helsinki 1999 1-0 (51)}) 11... Bh3 12. Rad1 Bxg2 13. Kxg2 Rfe8 14. e4 dxe4 15. dxe4 Qe6 16. c4 Red8 17. c5 Nd4 18. Nxd4 exd4 19. Qd3 a5 20. Ra1 b6 21. cxb6 cxb6 22. b5 Bc5 23. Rfe1 a4 24. Qc4 Ng4 25. Qxe6 fxe6 26. Nc4 d3 27. Rf1 Rac8 28. Ne5 Nxe5 29. Bxe5 Bd4 30. Bxd4 Rxd4 31. Rac1 Rxc1 32. Rxc1 Rxe4 33. Rc8+ Kf7 34. Rd8 Re5 35. Rxd3 Rxb5 36. Rd4 Ra5 37. Rb4 b5 38. f4 Ke7 39. Kf3 Kd6 40. Ke4 Kc5 41. Ke5 Ra6 42. g4 Rc6 43. h4 Kb6 44. Rd4 Rc4 45. Rd7 g5 46. fxg5 hxg5 47. hxg5 Rxg4 48. Kf6 e5 49. g6 Kc5 50. Re7 e4 51. g7 Kd4 52. Kf5 Rg1 53. Rxe4+ Kc3 54. Rg4 Rf1+ 55. Kg6 Kb3 56. Rg3+ Ka2 57. g8=Q+ Ka1 58. Qh8+ Ka2 59. Qh2+ Kb1 60. Rg2 Rf6+ 61. Kxf6 Kc1 62. Rc2+ Kd1 63. Qd2# 1-0

[Event "Corsica Masters rap 08th"]
[Site "Bastia"]
[Date "2004.11.02"]
[Round "2.2"]
[White "Bacrot, Etienne"]
[Black "Greenfeld, Alon"]
[Result "1-0"]
[WhiteElo "2718"]
[BlackElo "2547"]
[PlyCount "109"]
[EventDate "2004.10.31"]
[EventType "k.o. (rapid)"]
[EventRounds "4"]
[EventCountry "FRA"]
[SourceTitle "EXT 2005"]
[Source "ChessBase"]
[SourceDate "2004.11.15"]
[SourceVersion "1"]
[SourceVersionDate "2004.11.15"]
[SourceQuality "1"]

1. Nf3 {Horn,Peter} Nf6 2. g3 g6 3. b4 Bg7 4. Bb2 c6 5. Bg2 a5 6. bxa5 ({RR} 6. a3 axb4 7. axb4 Rxa1 8. Bxa1 Qb6 9. c3 O-O ({RR} 9... Qa6 10. Bb2 O-O 11. O-O d5 12. d3 Nfd7 13. Nbd2 Nb6) 10. O-O d5 11. d3 Bg4 ({RR} 11... Nbd7 12. Nbd2 ({RR} 12. Qa4 e5 13. Nfd2 Re8 14. e4 Bf8 15. Na3 Qc7 16. c4 d4 17. c5 b6) 12... Qc7 ({RR} 12... e5 13. e4 Qc7 14. c4 dxe4 15. dxe4 Re8 16. Bc3 Nf8 17. Qa1 N6d7 18. c5 b6) 13. c4 e5 14. Qc2 Re8 15. cxd5 Nxd5 16. Rb1) 12. Nbd2 Nbd7 13. Qa4 e5 ({RR} 13... Qc7 14. c4 dxc4 15. dxc4 c5) ({RR} 13... Rd8 14. c4 e5 15. h3 Bxf3 16. Nxf3 e4 17. dxe4 dxe4 18. Nd4) 14. e4 ({RR} 14. h3 Bxf3 15. Bxf3 Bh6 16. Nb3 e4 17. Bg2 Qc7 18. Qa7 Nh5) 14... Qc7 15. c4 dxe4 16. dxe4 Rb8 17. Qc2 h6 18. h3 Be6 19. Bc3 Ra8 20. Ra1 Rxa1+ {Balashov,Y (2535)-Khalifman,A (2560) Lvov 1990 CBM 018 [Horn,Peter] ½-½}) ({RR} 6. a3 Na6 7. O-O O-O 8. d3 d5 9. Nbd2 Bg4 10. Rb1 axb4 11. axb4 Nc7 12. Ne5 Be6 13. c4 dxc4 14. Ndxc4 Ncd5 15. Qd2 Nb6 16. Rfc1 Nxc4 17. Nxc4 Bd5 18. Na5 Bxg2 19. Kxg2 Qd7 20. Bxf6 Bxf6 {Hjartarson,J (2499)-Gabrielian,A (2464) Chess.com INT 2021 1-0 (69)}) 6... O-O 7. O-O Qxa5 8. c4 Qa4 $146 ({RR} 8... d6 9. d3 Nbd7 10. Nbd2 Nb6 11. Qc2 Na4 12. Nb3 Qh5 13. Rfe1 Bg4 14. Nbd2 Rfb8 15. Rab1 Nxb2 16. Rxb2 Bxf3 17. Nxf3 Qa5 18. Reb1 Qa7 19. d4 Nd7 20. e3 b6 21. Qd2 Qc7 22. Rc2 Ra4 23. Rb4 {Fischer,M-Gutman,L (2465) Baden-Baden 1991 0-1 (106)}) ({RR} 8... d6 9. Nc3 e5 10. Qc2 Re8 11. d3 Nbd7 12. Nd2 Qc7 13. Nde4 Nxe4 14. Nxe4 f5 15. Nc3 Nc5 16. Rfd1 Qf7 17. e3 e4 18. dxe4 Qxc4 19. Bf1 Qe6 20. exf5 Qxf5 21. Qxf5 Bxf5 22. Rac1 d5 23. Ba1 {Vinella,M (1773)-Conrad,C (2155) Montevideo 2016 ½-½}) 9. Qc1 d6 10. d3 Bg4 11. Nc3 Qa7 12. Nd2 Na6 13. h3 Be6 14. a4 Bh6 15. Kh2 Qb6 16. f4 Bg7 17. a5 Qc7 18. Nce4 Nxe4 19. Nxe4 f6 20. d4 Kh8 21. Nd2 d5 22. cxd5 cxd5 23. Qxc7 Nxc7 24. Nb3 Na6 25. Ba3 Rfe8 26. Nc5 Nxc5 27. Bxc5 f5 28. Rfb1 Reb8 29. e3 Bf8 30. Rb5 Bf7 31. Rab1 Kg8 32. Rxb7 Rxb7 33. Rxb7 Rxa5 34. Bxe7 Bxe7 35. Rxe7 Kg7 36. g4 Kf6 37. Rc7 Ra3 38. g5+ Ke6 39. Bxd5+ Kxd5 40. Rxf7 Ke4 41. Kg2 Kxe3 42. Rxh7 Kxf4 43. h4 Ra2+ 44. Kf1 Kf3 45. Ke1 f4 46. h5 Kg2 47. hxg6 f3 48. Rf7 Ra6 49. g7 Re6+ 50. Kd2 Rg6 51. Ke3 Re6+ 52. Kd3 Rg6 53. d5 Rxg5 54. d6 f2 55. d7 1-0

[Event "CZE-chT 0405"]
[Site "Czech Republic"]
[Date "2004.11.07"]
[Round "1.1"]
[White "Movsesian, Sergei"]
[Black "Babula, Vlastimil"]
[Result "1-0"]
[WhiteElo "2646"]
[BlackElo "2569"]
[PlyCount "169"]
[EventDate "2004.11.??"]
[EventType "team"]
[EventRounds "11"]
[EventCountry "CZE"]
[SourceTitle "EXT 2006"]
[Source "ChessBase"]
[SourceDate "2005.11.24"]
[SourceVersion "1"]
[SourceVersionDate "2005.11.24"]
[SourceQuality "1"]
[WhiteTeam "Pardubice"]
[BlackTeam "Grygov"]
[WhiteTeamCountry "CZE"]
[BlackTeamCountry "CZE"]

1. g3 Nf6 2. Bg2 d5 3. Nf3 c6 4. O-O Bg4 5. d3 e6 6. Nbd2 Be7 7. h3 Bh5 8. e4 ({RR} 8. g4 Bg6 9. Nh4 a5 10. e3 Na6 11. a3 Nd7 12. Nxg6 fxg6 13. d4 O-O 14. c4 Nc7 15. b3 Bf6 16. Bb2 Kh8 17. Qc2 Rc8 18. b4 e5 19. dxe5 Bxe5 20. bxa5 Na6 21. Bxe5 Nxe5 22. cxd5 cxd5 {Nakamura,H (2767)-Adams,M (2745) London 2014 1-0 (31)}) ({RR} 8. c4 O-O 9. b3 a5 10. a3 Nbd7 11. Bb2 Qb6 12. Qc2 Rfd8 13. Bc3 h6 14. b4 axb4 15. axb4 dxc4 16. Nxc4 Qc7 17. g4 Bg6 18. e4 Bh7 19. Rfc1 Ne8 20. Nfe5 Rxa1 21. Rxa1 b5 22. Nxd7 bxc4 {Shoker,S (2446)-Silva,C (2197) Florianopolis BRA 2025 ½-½ (32)}) 8... a5 9. Qe2 Na6 10. Re1 $146 ({RR} 10. a3 b5 11. Re1 h6 12. g4 Bg6 13. Ne5 Qc7 14. exd5 exd5 15. Nxc6 {1-0 (15) Galdunts,S (2473)-Macek,V (2244) Bad Wildbad 2000}) 10... Nd7 11. e5 Nb4 12. g4 Bg6 13. Nf1 c5 14. a3 Nc6 15. Ng3 h5 16. Bf4 hxg4 17. hxg4 Nd4 18. Nxd4 cxd4 19. Nf1 Rc8 20. Nh2 Bg5 21. Bg3 Bh4 22. Nf3 Bxg3 23. fxg3 Qb6 24. Rab1 Nb8 25. Qf2 Nc6 26. b4 axb4 27. axb4 Nxb4 28. Nxd4 O-O 29. Rb2 Qc5 30. Reb1 Nc6 31. Nf3 Qxf2+ 32. Kxf2 f6 33. exf6 gxf6 34. Ke3 Ne5 35. Nd4 Rfe8 36. Rxb7 Nc6 37. Ne2 Re7 38. Rxe7 Nxe7 39. Kd2 e5 40. Rb7 Kf8 41. Nc3 Rd8 42. Nb5 Be8 43. Nc7 Bd7 44. Rb6 Kg7 45. Rd6 d4 46. g5 fxg5 47. Ne6+ Bxe6 48. Rxd8 Kf7 49. Be4 Nf5 50. Bxf5 Bxf5 51. Rd6 Be6 52. Ke2 Bg4+ 53. Kf2 Kg7 54. Rb6 Kf7 55. Rc6 Kg7 56. Ke1 Kf7 57. Kd2 Be6 58. Rb6 Bg4 59. Kc1 Bf3 60. Kb2 g4 61. Kb3 Ke7 62. Kc4 Kf7 63. Kc5 Ke7 64. Rh6 Kd7 65. Kc4 Ke7 66. c3 dxc3 67. Kxc3 Kf7 68. Kd2 Ke7 69. Ke3 Kf7 70. Ra6 Ke7 71. d4 exd4+ 72. Kxd4 Kf7 73. Ke5 Kg7 74. Kf5 Be2 75. Rd6 Bf3 76. Kg5 Kf7 77. Rf6+ Kg7 78. Rf4 Bd1 79. Rd4 Bf3 80. Rd7+ Kg8 81. Kf6 Be2 82. Kg6 Kf8 83. Rf7+ Ke8 84. Rf4 Ke7 85. Re4+ 1-0

[Event "CZE-chT 0405"]
[Site "Czech Republic"]
[Date "2005.02.19"]
[Round "6.2"]
[White "Navara, David"]
[Black "Manik, Mikulas"]
[Result "1-0"]
[WhiteElo "2616"]
[BlackElo "2502"]
[PlyCount "55"]
[EventDate "2004.11.??"]
[EventType "team"]
[EventRounds "11"]
[EventCountry "CZE"]
[SourceTitle "EXT 2006"]
[Source "ChessBase"]
[SourceDate "2005.11.24"]
[SourceVersion "1"]
[SourceVersionDate "2005.11.24"]
[SourceQuality "1"]
[WhiteTeam "Praha Mahrla"]
[BlackTeam "Plzen"]
[WhiteTeamCountry "CZE"]
[BlackTeamCountry "CZE"]

1. Nf3 d5 2. g3 c6 3. Bg2 Nf6 4. O-O Bf5 5. b3 e6 6. Bb2 Nbd7 7. d3 h6 8. Nbd2 Bc5 9. e4 dxe4 10. dxe4 Bh7 11. Qe2 O-O 12. e5 Nd5 13. Ne4 Be7 14. c4 N5b6 15. Nd6 $146 ({RR} 15. Rfd1 Qc7 16. a4 Bxe4 17. Qxe4 a5 18. Bc3 Nc5 19. Qc2 Nbd7 20. Rab1 Rfd8 21. Qe2 Na6 22. h4 Nb4 23. Kh2 Nc5 24. Nd4 Rd7 25. f4 Bf8 26. h5 Rad8 27. Bh3 Kh8 28. f5 exf5 29. Bxf5 Re7 {Wisniewski,A (2373)-Steczek,M (2409) Mrzezyno 2011 1-0 (43)}) ({RR} 15. Rad1 Qc7 16. Nd6 Rad8 17. Nd4 Nc8 18. Nxb7 Qxb7 19. Nxc6 Qc7 20. Nxd8 Rxd8 21. Bd4 Qa5 22. h4 Bb4 23. Bb2 Be7 24. a3 Qa6 25. Rd2 Nc5 26. Rxd8+ Bxd8 27. Rd1 Be7 28. b4 Na4 29. Qd2 Bd3 {Jovanovic,N (2318)-Breahna,R (2369) Bucharest 2000 1-0 (37)}) 15... Qc7 16. Ba3 Nc8 17. Rad1 Rd8 18. c5 Rb8 19. b4 Bf8 20. Nd4 Ne7 21. Bh3 Nf5 22. N4xf5 Bxf5 23. Nxf5 exf5 24. e6 Nf6 25. Bxf5 Re8 26. Bb2 fxe6 27. Bxe6+ Kh8 28. Be5 1-0